Oeuvres de Spinoza / (Record no. 165699)

MARC details
000 -LEADER
campo de control de longitud fija 01267nam a22003135i 4500
001 - NÚMERO DE CONTROL
campo de control 165699
003 - IDENTIFICADOR DE NÚMERO DE CONTROL
campo de control ES-MaACL
005 - FECHA Y HORA DE LA ÚLTIMA TRANSACCIÓN
campo de control 20250716091807.0
008 - DATOS DE LONGITUD FIJA--INFORMACIÓN GENERAL
campo de control de longitud fija 990318m18429999fr |||| |dfre d
040 ## - FUENTE DE CATALOGACIÓN
Centro catalogador/agencia de origen CCPB | B
Lengua de catalogación spa
Centro/agencia transcriptor CCPB | B
080 ## - NÚMERO DE LA CLASIFICACIÓN DECIMAL UNIVERSAL
Número de la Clasificación Decimal Universal 1 Spinoza, Benedictus de
080 ## - NÚMERO DE LA CLASIFICACIÓN DECIMAL UNIVERSAL
Número de la Clasificación Decimal Universal 929 Spinoza, Benedictus de
100 1# - ENTRADA PRINCIPAL--NOMBRE DE PERSONA
Nombre de persona Spinoza, Benedictus de.
Término indicativo de función/relación Autor
9 (RLIN) 107750
245 10 - MENCIÓN DEL TÍTULO
Título Oeuvres de Spinoza /
Mención de responsabilidad, etc. traduites par Émile Saisset ; avec une introduction du traducteur.
260 ## - PUBLICACIÓN, DISTRIBUCIÓN, ETC.
Lugar de publicación, distribución, etc. Paris :
Nombre del editor, distribuidor, etc. Charpentier,
Fecha de publicación, distribución, etc. 1842.
300 ## - DESCRIPCIÓN FÍSICA
Extensión 1 volumen ;
Dimensiones 18 cm.
490 1# - MENCIÓN DE SERIE
Mención de serie Bibliothèque Charpentier
505 0# - NOTA DE CONTENIDO CON FORMATO
Nota de contenido con formato Première serie: Introduction (CVIII p.); Vie de Spinoza (p.1-50); Thèologie de Spinoza (p. 51-338); Notes marginales (p. 339-354)
597 ## - NOTA DE DESCRIPCIÓN FÍSICA
NOTA DE DESCRIPCIÓN FÍSICA Antep.
600 14 - PUNTO DE ACCESO ADICIONAL DE MATERIA--NOMBRE DE PERSONA
Nombre de persona Spinoza, Benedictus de-
Subdivisión general Biografías.
9 (RLIN) 132866
600 14 - PUNTO DE ACCESO ADICIONAL DE MATERIA--NOMBRE DE PERSONA
Nombre de persona Spinoza, Benedictus de-
Subdivisión general Religión.
9 (RLIN) 132868
700 1# - ENTRADA AGREGADA--NOMBRE PERSONAL
Nombre de persona Saisset, Émile,
Fechas asociadas al nombre 1814-1863
Término indicativo de función/relación Traductor
9 (RLIN) 101616
830 #0 - PUNTO DE ACCESO ADICIONAL DE SERIE-TÍTULO UNIFORME
Título uniforme Bibliothèque Charpentier
9 (RLIN) 182245
852 ## - LOCALIZACIÓN
Ubicación ES-MaACL
Ubicación en estantería Sala Valle Inclán
Anotaciones manuscritas Firma autógrafa de Antonio Aura Boronat, Madrid agosto 1874
Donativo/Legado Donativo de Antonio Aura Boronat
Número de control de estantería D-5072
Encuadernación Cartoné
942 ## - ELEMENTOS DE ENTRADA SECUNDARIOS (KOHA)
Fuente del sistema de clasificación o colocación Clasificación decimal universal
Tipo de ítem Koha Libro impreso antiguo
Suprimir en OPAC No
Holdings
Estatus retirado Estado de pérdida Fuente del sistema de clasificación o colocación Estado de daño No para préstamo Colección Biblioteca de origen Biblioteca actual Ubicación en estantería Fecha de adquisición Fuente de adquisición Total de préstamos Signatura topográfica completa Código de barras Visto por última vez Tipo de ítem Koha
    Clasificación decimal universal     Libros del s. XIX Biblioteca del Ateneo de Madrid Biblioteca del Ateneo de Madrid Sala Valle Inclán 17/01/2008 Donación   D-5072 901173772 23/02/2023 Libro impreso antiguo